|
|
|
|
| LEADER |
00000nam a22000005a 4500 |
| 001 |
vtls001518929 |
| 003 |
SK-MaSNL |
| 005 |
20260425225403.0 |
| 007 |
ta |
| 008 |
171201s2004 xo o rc 000 0 slo |
| 015 |
|
|
|a SNBE2007/01-00116
|
| 020 |
|
|
|a 8096926357
|q (brož.)
|
| 040 |
|
|
|a SNK
|b slo
|c SNK
|e AACR2
|
| 041 |
|
|
|a slo
|a hun
|
| 044 |
|
|
|a xo
|c SK
|
| 072 |
|
7 |
|a 72/76
|x Výtvarné umenie
|2 konspekt
|
| 080 |
|
|
|a 72/76(439)
|2 2001
|
| 080 |
|
|
|a (083.824)
|2 2001
|
| 080 |
|
|
|a 72/76(437.6)
|2 2001
|
| 245 |
0 |
0 |
|a Súčasné umenie v Brämerovej kúrii
|c preklad: Eva Bolemant ; design: Patrik Kovačovský
|
| 246 |
3 |
1 |
|a Kortárs művészet a Brämer-kúriában
|
| 250 |
|
|
|a 1. vyd.
|
| 260 |
|
|
|a [Bratislava]
|b Občianske združenie tradície a hodnoty
|c 2004
|
| 300 |
|
|
|a [22] s.
|b fotogr.
|c 21 cm
|
| 546 |
|
|
|a Súbež. text maď.
|
| 648 |
|
7 |
|a 21. stor.
|2 SNKPH
|9 304714
|
| 650 |
0 |
7 |
|a moderné umenie
|2 SNKPH
|9 68456
|
| 650 |
0 |
7 |
|a výtvarné umenie
|2 SNKPH
|9 723
|
| 651 |
|
7 |
|a Slovensko
|2 SNKPH
|9 14231
|
| 651 |
|
7 |
|a Maďarsko
|2 SNKPH
|9 16754
|
| 655 |
|
7 |
|a katalógy výstav
|2 SNKPH
|9 70445
|
| 700 |
1 |
|
|a Bolemant, Eva
|4 trl
|9 324644
|
| 700 |
1 |
|
|a Kovačovský, Patrik,
|d 1970-
|4 bkd
|9 114035
|
| 919 |
|
|
|a 80-969263-5-7
|
| 999 |
|
|
|c 646949
|d 648879
|
| 952 |
|
|
|a SNK
|b SNK
|y VYP
|7 0
|p 17A0460494
|o snkOSE 4231 D1
|i snk2005/3721
|8 0
|0 0
|1 0
|4 0
|d 2005-03-10
|l 0
|r 2026-02-23 18:11:00
|w 2026-02-23
|
| 952 |
|
|
|a SNK
|b SNK
|y PREZ
|7 0
|p 17A0460524
|o snkOSE 4231
|i snk2005/3720
|8 0
|0 0
|1 0
|4 0
|d 2005-03-10
|l 0
|r 2026-02-23 18:11:00
|w 2026-02-23
|